000 00310nam a2200109Ia 4500
008 180205s9999 xx 000 0 und d
020 _a9712328481
100 _aArrogante, Jose A.
245 _aPagbasa at pagsulat :
_bPangkolehiyo
260 _aRecto Avenue City
_bREX bookstore
_c2000
300 _aiii, 236 pages
999 _c354780
_d354780